| 000 | 01637nam0a2200313 i 4500 | ||
|---|---|---|---|
| 001 | RU\NLR\bibl\2033503 | ||
| 005 | 20240921193742.0 | ||
| 010 |
_a9785782903824 _950 |
||
| 021 |
_aRU _b2013-29379 _92022 |
||
| 035 | _a(NLR Aleph) 002021140 | ||
| 090 |
_a4505125 _c4505125 |
||
| 100 | _a20130516d2013 u y0rusy50 ca | ||
| 101 | 0 | _arus | |
| 102 | _aRU | ||
| 105 | _aa ||||||||| | ||
| 200 | 1 |
_aДинамика и устойчивость сооружений _eучебное пособие _e[для студентов вузов, изучающих основы динамики и устойчивости сооружений] _fР.А. Шакирзянов, Ф.Р. Шакирзянов _gМ-во образования и науки Рос. Федерации, Казан. гос. архит.-строит. ун-т |
|
| 210 |
_aКазань _cКГАСУ _d2013 |
||
| 215 |
_a119 с. _cил. _d20 |
||
| 320 | _aБиблиогр.: с. 117 (19 назв.) | ||
| 606 | 1 |
_aСооружения _jУчебные издания для высших учебных заведений _xДинамический расчет _92205634 _3RU\NLR\auth\661325167 |
|
| 606 | 1 |
_aСооружения _jУчебные издания для высших учебных заведений _xУстойчивость _91821837 _3RU\NLR\auth\661115412 |
|
| 686 | _aН112.06я73-1 | ||
| 700 | 1 |
_aШакирзянов _bР. А. _gРашит Аглеевич _4070 |
|
| 701 | 1 |
_aШакирзянов _bФ. Р. _gФарид Рашитович _4070 |
|
| 801 | 0 |
_aRU _bNLR _c20130516 _gRCR |
|
| 801 | 1 |
_aRU _bNLR _c20130516 |
|
| 942 | _cBOOK | ||
| 980 | _aNBR | ||